SUFFRAGE and women's writing
Zapisane w:
| Format: | Książka |
|---|---|
| Język: | angielski |
| Wydane: |
Routledge
2020
|
| Etykiety: |
Dodaj etykietę
Nie ma etykietki, Dołącz pierwszą etykiete!
|
MARC
| LEADER | 00000nam a22000007a 4500 | ||
|---|---|---|---|
| 008 | 231219b |||||||| |||| 00| 0 eng d | ||
| 020 | |a 9783038214656 | ||
| 245 | |a SUFFRAGE and women's writing |c /edited by June Hannam and Katherine Holden |e (History and women's writing) |g vii,118p | ||
| 250 | |c Hannam, June | ||
| 250 | |c Holden, Katherine | ||
| 260 | |b Routledge |c 2020 |h London |i 700301 |i 700302 |l JN979.Su2 |m Women-Great Britain-History |m Women-Suffrage-Great Britain | ||
| 500 | |a it includes index | ||
| 942 | |a lcc |c BK |e Johnson |f 13/12/23 | ||
| 952 | |0 0 |1 0 |2 lcc |4 0 |6 JN0979 S U2 |7 0 |9 4688 |a SSL |b HOL |c GJ |d 2023-12-19 |l 0 |o JN979.Su2 |p 2023-0602 |r 2023-12-19 00:00:00 |t 700301 |w 2023-12-19 |y BK | ||
| 952 | |0 0 |1 0 |2 lcc |4 0 |6 JN0979 S U2 |7 0 |9 4689 |a HOL |b HOL |c GJ |d 2023-12-19 |l 0 |o JN979.Su2 |p 2023-0603 |r 2023-12-19 00:00:00 |t 700302 |w 2023-12-19 |y BK | ||
| 999 | |c 2350 |d 2350 | ||